000 00540nam a22001577a 4500
999 _c9082
_d9082
003 GBCCL
005 20241126110705.0
008 220405b ||||| |||| 00| 0 eng d
040 _cgbc
082 _aARCH GBC-2020
_bTUN
100 _aTungnung, Mangtungnung
_915843
245 _aA heuristic comparative study on the relationship between Biblical counseling with secular therapy and its implications for Christian counseling in Lamka town
260 _aNew Lamka:
_bGrace Bible College,
_c2020
300 _axvii ,67 p. ;
942 _2ddc
_cTH